Guía de Diseño e Implementación de Proyectos Ambientales Escolares PRAE desde la cultura del agua : (Registro nro. 7324)

Detalles MARC
000 -CABECERA
Campo de control 01106nam a22002537a 4500
005 - FECHA Y HORA DE LA ULTIMA TRANSACCION
Campo de control 20200104041616.0
008 - ELEMENTOS DE LONGITUD FIJA—INFORMACION GENERAL
Campo de control 130624b2012 ck ao gr||||s00| 0 spa d
020 ## - ISBN
ISBN 978-958-8491-59-2
040 ## - FUENTE DE CATALOGACIÓN
Agencia catalogadora original CO-BoIAVH
Agencia transcriptora CO-BoIAVH
041 0# - IDIOMA
Código de idioma para texto/pista de sonido o título separado Español
044 ## - PAÍS DE PUBLICACIÓN
País de publicación Colombia
082 04 - NUMERO DE CLASIFICACION DECIMAL DEWEY
Número de clasificación 333.91
Número del ítem M66g
110 2# - ASIENTO PRINCIPAL--NOMBRE CORPORATIVO
Nombre corporativo o de jurisdicción como elemento de entrada Ministerio de Ambiente y Desarrollo Sostenible
9 (RLIN) 49082
245 ## - MENCION DE TITULO
Título Guía de Diseño e Implementación de Proyectos Ambientales Escolares PRAE desde la cultura del agua :
Parte restante del título Brota, fluye, crea, recrea... cambia. Elemento vital para transformar la cultura ambiental /
Mención de responsabilidad Ministerio de Ambiente y Desarrollo Sostenible
260 ## - PUBLICACION, DISTRIBUCION, ETC. (PIE DE IMPRENTA)
Lugar de publicación, distribución, etc. Bogotá, Colombia :
Nombre del editor, distribuidor, etc. Ministerio de Ambiente y Desarrollo Sostenible ,
Fecha de publicación, distribución, etc. 2012.
300 ## - DESCRIPCION FISICA
Extensión 76 páginas :
Otros detalles físicos Ilustraciones,fotografías ;
Dimensiones 28 x22 cm.
504 ## - NOTA DE BIBLIOGRAFIA, ETC.
Nota de bibliografía Incluye ruta de navegación y bibliografía (p. 74 - 76)
650 #6 - ASIENTO SECUNDARIO DE MATERIA - TERMINO TEMATICO
Término temático o nombre geográfico como elemento de entrada Educación Ambiental
9 (RLIN) 162
650 #6 - ASIENTO SECUNDARIO DE MATERIA - TERMINO TEMATICO
Término temático o nombre geográfico como elemento de entrada Proyectos ambientales escolares escolares PRAE
9 (RLIN) 165
650 #6 - ASIENTO SECUNDARIO DE MATERIA - TERMINO TEMATICO
Término temático o nombre geográfico como elemento de entrada Gestión Ambiental
9 (RLIN) 49084
650 #6 - ASIENTO SECUNDARIO DE MATERIA - TERMINO TEMATICO
Término temático o nombre geográfico como elemento de entrada Planeación Ambiental
9 (RLIN) 167
650 #6 - ASIENTO SECUNDARIO DE MATERIA - TERMINO TEMATICO
Término temático o nombre geográfico como elemento de entrada Planes de Acción
9 (RLIN) 168
942 ## - ELEMENTOS ADICIONALES (KOHA)
Sistema de clasificación Dewey Decimal Classification
Tipo de ítem Libro
Existencias
Withdrawn status Lost status Sistema de Clasificación Damaged status No para préstamo Colección Inventariado Ubicación Permanente Ubicación actual Fecha de adquisición Fuente de Valor Valor Total Checkouts Número topográfico Inventario / Código de Barras Date last seen Ejemplar Price effective from Forma de adquisición Tipo de material
    Local     Educación Ambiental Inventariado 2017 Sala Fabio Quevedo Sala Fabio Quevedo 24/06/2013 Instituto 39000.00   EA-00137 058066 24/06/2013 Ej. 1 24/06/2013 Canje Libro
    Dewey Decimal Classification     General Inventariado 2017 Sala Fabio Quevedo Sala Fabio Quevedo 24/06/2013 Instituto 39000.00   LB-333.91 M66g 058067 24/06/2013 Ej. 2 24/06/2013 Canje Libro